Rational belief in god and the soul: (Record no. 1463934)

MARC details
000 -LEADER
fixed length control field 00729 a2200241 4500
005 - DATE AND TIME OF LATEST TRANSACTION
control field 20251231122612.0
008 - FIXED-LENGTH DATA ELEMENTS--GENERAL INFORMATION
fixed length control field 251231b |||||||| |||| 00| 0 eng d
020 ## - INTERNATIONAL STANDARD BOOK NUMBER
International Standard Book Number 9780761874409 (hbk)
037 ## - SOURCE OF ACQUISITION
Terms of availability TB
040 ## - CATALOGING SOURCE
Original cataloging agency AL
Transcribing agency AL
041 ## - LANGUAGE CODE
Source of code eng
Language code of text/sound track or separate title eng
084 ## - COLON CLASSIFICATION NUMBER
Classification number R:(Q) R4
Assigning agency AL
100 ## - MAIN ENTRY--PERSONAL NAME
Personal name Meierding, Loren
9 (RLIN) 846386
245 ## - TITLE STATEMENT
Title Rational belief in god and the soul:
Remainder of title evidence from natural and revealed religion
260 ## - PUBLICATION, DISTRIBUTION, ETC.
Name of publisher, distributor, etc. Hamilton Books
Date of publication, distribution, etc. 2024
300 ## - PHYSICAL DESCRIPTION
Extent 221p.
365 ## - TRADE PRICE
Price amount 69.00
Currency code UKP
650 ## - SUBJECT ADDED ENTRY--TOPICAL TERM
Source of heading or term PHILOSOPHY
650 ## - SUBJECT ADDED ENTRY--TOPICAL TERM
Source of heading or term RELIGION
700 ## - ADDED ENTRY--PERSONAL NAME
Personal name Meierding, Loren
Relator term Author
9 (RLIN) 860613
942 ## - ADDED ENTRY ELEMENTS (KOHA)
Koha item type Textbook
Source of classification or shelving scheme Colon Classification (CC)
Suppress in OPAC No
Classification part R:(Q) R4
Holdings
Withdrawn status Lost status Source of classification or shelving scheme Damaged status Not for loan Home library Current library Date acquired Source of acquisition Cost, normal purchase price Inventory number Total Checkouts Full call number Barcode Date last seen Cost, replacement price Price effective from Koha item type
    Colon Classification (CC)   Ordered Arts Library Arts Library 2025-12-31 67 Sunrise Books 6635.59 1235& 25-12-08   R:(Q) R4 AL1805066 2025-12-11 8294.49 2025-12-11 Textbook
Copyright @ Delhi University Library System